000 00306nam a2200121Ia 4500
005 20250409181015.0
008 250409s9999||||xx |||||||||||||| ||und||
100 _aCHANDRAMATHI, N.T
245 0 _aLAW OF SALES TAX IN KERALA
260 _bSOORYA CINE PRINTOGRAPHS,
_aSIVAKASI:
650 _vLaw
942 _cBOOK
999 _c5906
_d5906